Embedded C programming and the microchip PIC (Record no. 178020)

MARC details
000 -LEADER
fixed length control field 00479nam a2200169Ia 4500
008 - FIXED-LENGTH DATA ELEMENTS--GENERAL INFORMATION
fixed length control field 231217s9999 xx 000 0 und d
020 ## - INTERNATIONAL STANDARD BOOK NUMBER
International Standard Book Number 1401837484
041 ## - LANGUAGE CODE
Language code of text/sound track or separate title English
082 ## - DEWEY DECIMAL CLASSIFICATION NUMBER
Classification number 001.6424C BAR;1 R
100 ## - MAIN ENTRY--PERSONAL NAME
Personal name Barnett, Richard. Ocull, Larry. Cox, Sarah.
245 #0 - TITLE STATEMENT
Title Embedded C programming and the microchip PIC
260 ## - PUBLICATION, DISTRIBUTION, ETC.
Date of publication, distribution, etc. 2004
Name of publisher, distributor, etc. Thomson
Place of publication, distribution, etc. Australia
300 ## - PHYSICAL DESCRIPTION
Extent xxii+497
300 ## - PHYSICAL DESCRIPTION
Dimensions CD2794
650 ## - SUBJECT ADDED ENTRY--TOPICAL TERM
Topical term or geographic name entry element Embedded,C,programming,microchip,PIC
942 ## - ADDED ENTRY ELEMENTS (KOHA)
Koha item type Books
Holdings
Date last seen Total checkouts Full call number Accession number Uniform resource identifier Cost, total (INR) price Price effective from Category Lost status Damaged status Department Withdrawn status Home library Current library Shelving location Entry date Vendor Cost, normal purchase price Grants Billnumber Billdate Currency symbol Conversion rate Discount Old discount
26/01/2024   001.6424C BAR;1 R 42695 digital/contents/52561.pdf 340.00 26/01/2024 Books     Central Library   Central Library Central Library Central Library 23/08/2006 Tata Book House 425.00 EC 2805 19/08/2008 RS 1 85 20
26/01/2024   001.6424C BAR;2 R1 42696 digital/contents/52561.pdf 340.00 26/01/2024 Books     Central Library   Central Library Central Library Library Annex 23/08/2006 Tata Book House 425.00 EC 2805 01/07/2008 RS 1 85 20

© For any Suggestions or Query, please contact the library staff @ librarian@pes.edu or Phone: +9180 2672 1983/ 2108.